000 00558nam a2200229Ia 4500
003 OSt
005 20220918202856.0
006 a|||||r|||| 00| 0
007 ta
008 220917b |||||||| |||| 00| 0 eng d
024 _a104,516
037 _cTextual
040 _aARTS
_cARTS
_beng
041 _2eng
_aeng
082 _aV3:17:L5, E3.1
100 _aBeer G L
_9105699
245 0 _aOld colonial system 1660-1754
260 _c1913
650 _aHISTORY
942 _hV3:17:L5, E3.1
_cTEXL
_2CC
999 _c227878
_d227878